000 01028nam a2200313 i 4500
003 EG-GICUC
005 20260121101331.0
008 251122b1994 |||||||fr|||| 00| 0 ara d
017 _a83/5130
020 _a977-04-0075-0
040 _a EG-GICUC
_bara
_c EG-GICUC
_d EG-GICUC
_erda
041 0 _aara
082 0 4 _221
_a345.4
_bأ ن . و
092 0 4 _221
099 _aLaw1 07 345.4 أ ن . و 1994
100 0 _aأنور أحمد رسلان
_eمؤلف.
245 1 2 _aالوظيفة العامة /
_cأنور أحمد رسلان.
264 _aالقاهرة :
_bدار النهضة العربية،
_c1994.
300 _a243 ؛ صفحة
_c24 سم
336 _2rda content
_atext
337 _2rda media
_aComputer
338 _2rda carrier
_aOnline Resource
546 _aالنص باللغة العربية
650 1 4 _aالقانون الإداري
650 1 4 _aالوظيفة العامة
856 4 0 _uhttps://fll.law.cu.edu.eg/fulltext/bks/B07-01203.pdf
905 _a32
_eYara
942 _2ddc
_cBK
_e21
_n0
999 _c45310
_d45310